Introduction to materials science /

Guardado en:
Autor Principal: Ruoff, Arthur L.
Formato: Libro
Idioma:English
Publicado: Huntington, N.Y. : R. E. Krieger Pub. Co., 1979, c1972.
Materias:
Etiquetas: Agregar Etiqueta
Sin Etiquetas, Sea el primero en etiquetar este registro!
LEADER 00972pam a22002535a 4500
001 EIQ.libpla001105
008 790222r1979####nyuao####b####001#0#eng#d
005 20080313184219.0
245 1 0 |a Introduction to materials science /  |c Arthur L. Ruoff. 
260 |a Huntington, N.Y. :  |b R. E. Krieger Pub. Co.,  |c 1979, c1972. 
300 |a xix, 697 p. :  |b il., fotos ;  |c 25 cm. 
500 |a Reimpresión de la ed. publicada por Prentice-Hall, Englewood Cliffs, N.J. 
504 |a Incluye referencias bibliográficas e índice. 
020 |a 0882759604 
100 1 |a Ruoff, Arthur L. 
082 0 0 |a 620.1/12 
650 4 |a Materiales  |x Introducción. 
650 4 |a Ciencia y tecnología  |x Materiales. 
650 4 |a Materials  |x Introduction. 
650 4 |a Science and technology  |x Materials. 
010 |a  79004668  
040 |a DLC  |c DLC  |d AR-BbSID 
859 |a AR-BbSID  |b BIB. PLAPIQUI  |h 620.112  |i R 82  |p 4338  |t Ej. 1  |v Ej. 1 
859 |a AR-BbSID  |b BIB. PLAPIQUI  |h 620.112  |i R 82  |p 4705  |t Ej. 2  |v Ej. 2